Leadership & management in health & social care for NVQ/SVQ level 4/ (Record no. 128413)

MARC details
000 -LEADER
fixed length control field 00790nam a2200253 a 4500
008 - FIXED-LENGTH DATA ELEMENTS--GENERAL INFORMATION
fixed length control field
020 ## - INTERNATIONAL STANDARD BOOK NUMBER
International Standard Book Number 9780435500207 (pbk.)
049 ## - LOCAL HOLDINGS (OCLC)
Holding library MAIN
090 ## - LOCALLY ASSIGNED LC-TYPE CALL NUMBER (OCLC); LOCAL CALL NUMBER (RLIN)
Classification number (OCLC) (R) ; Classification number, CALL (RLIN) (NR) RA971
Local cutter number (OCLC) ; Book number/undivided call number, CALL (RLIN) MCK
003 - CONTROL NUMBER IDENTIFIER
control field
005 - DATE AND TIME OF LATEST TRANSACTION
control field 20230123122133.0
040 ## - CATALOGING SOURCE
Transcribing agency NUST
100 1# - MAIN ENTRY--PERSONAL NAME
Personal name Mckibbin, Joanne.
245 10 - TITLE STATEMENT
Title Leadership & management in health & social care for NVQ/SVQ level 4/
Statement of responsibility, etc. Joanne Mckibbin and Alix Walton.
260 ## - PUBLICATION, DISTRIBUTION, ETC.
Place of publication, distribution, etc. Harlow (England) :
Name of publisher, distributor, etc. Heinemann,
Date of publication, distribution, etc. 2008.
300 ## - PHYSICAL DESCRIPTION
Extent vii, 248 p. :
Other physical details ill. ;
Dimensions 27 cm.
500 ## - GENERAL NOTE
General note Includes index.
504 ## - BIBLIOGRAPHY, ETC. NOTE
Bibliography, etc. note Includes bibliographical references.
650 ## - SUBJECT ADDED ENTRY--TOPICAL TERM
Topical term or geographic name entry element Health services administration.
650 ## - SUBJECT ADDED ENTRY--TOPICAL TERM
Topical term or geographic name entry element Health policy.
700 ## - ADDED ENTRY--PERSONAL NAME
Personal name Walton, Alix.
907 ## - LOCAL DATA ELEMENT G, LDG (RLIN)
a .b10353446
b 10-02-15
c 16-01-15
942 ## - ADDED ENTRY ELEMENTS (KOHA)
Koha item type Ordinary Loan Books
Call number prefix RA971
Call number suffix MCK
Holdings
Date last seen Total Checkouts Full call number Barcode Cost, replacement price Price effective from Koha item type Lost status Source of classification or shelving scheme Damaged status Not for loan Collection Withdrawn status Home library Current library Shelving location Date acquired Cost, normal purchase price
01/23/2023 1 RA971 MCK 92004040099 80.00 01/23/2023 BOOKS   LCC     NFIC   MAIN MAIN GEN 01/23/2023 80.00